000 00574nam a2200193 4500
001 139734
003 ES-MaACL
005 20230906195905.0
007 t|
008 070214s1942 gw r ||||1| ger d
100 1 _aSchnack, Friedrich.
_9104542
245 1 0 _aGoldgrèaber in Franquen
_b: roman /
_cFriedrich Schnack.
260 _aLeipzig :
_bBernhard Tauchnitz,
_c1942.
300 _a205 p. ;
_c19 cm.
490 1 _aDer deutsche auchnitz ;
_v129
830 0 _aDer deutsche auchnitz ;
_v129
_9220264
852 _aES-MaACL
_jF-2714
_bR.19924
999 _c139734
_d139734